| 000 | 00664nam a2200205Ia 4500 | ||
|---|---|---|---|
| 005 | 20250326145610.0 | ||
| 008 | 250326s9999 xx 000 0 und d | ||
| 037 | _aTextbook | ||
| 040 |
_aFMSL _beng _cFMSL |
||
| 041 |
_aeng _2eng |
||
| 084 |
_aT:F Q5 _qFMSL |
||
| 100 |
_aTeranishi R T _9751460 |
||
| 245 | 0 |
_aMitigating inequality: higher education, research, policy and practice in an era of massification and stratification _cTeranishi R T And Others |
|
| 260 |
_aUnited Kingdom _bUnited Kingdom, Emerald _c2015 |
||
| 300 | _a344p | ||
| 365 | _b9095.8799999999992 | ||
| 650 | _aManagement | ||
| 942 |
_cTB _hT:F Q5 |
||
| 999 |
_c1308130 _d1308130 |
||